[Event "BAN-ch U20 Girls"]
[Site "Dhaka"]
[Date "2022.02.20"]
[Round "6"]
[White "Tasfia, Tahsin Prima"]
[Black "Ayasa, Akter"]
[Result "1-0"]
[WhiteElo "1423"]
[BlackElo "1168"]
[PlyCount "133"]
[EventDate "2022.02.15"]
[EventType "swiss"]
[EventRounds "9"]
[EventCountry "BAN"]
[SourceTitle "CBM 207 Extra"]
[Source "ChessBase"]
[SourceDate "2022.05.31"]
[SourceVersion "1"]
[SourceVersionDate "2022.05.31"]
[SourceQuality "1"]

1. e4 e5 2. Nf3 Nc6 3. Bc4 Bc5 4. Nc3 d6 5. h3 h6 6. Na4 Nf6 7. Nxc5 dxc5 8. d3 0-0 9. a3 Re8 10. 0-0 b6 11. Nh2 Qe7 12. f4 a6 13. f5 Bb7 14. Ng4 Nxg4 15. Qxg4 Qf6 16. c3 Rad8 17. Rf3 Rd6 18. Bd2 Na5 19. Ba2 c4 20. Be1 b5 21. Bh4 g5 22. fxg6 Qxg6 23. Qxg6+ fxg6 24. Re1 Kg7 25. dxc4 bxc4 26. Bb1 Rd2 27. Rf2 Nb3 28. Ref1 Rxf2 29. Rxf2 Nc5 30. Re2 Rf8 31. Be7 Rf4 32. Bxc5 h5 33. Rd2 Bxe4 34. Bxe4 Rxe4 35. Rd7+ Kg8 36. Rxc7 Re2 37. Re7 Rxb2 38. Rxe5 Rb3 39. Bb4 Kf7 40. Rc5 Ke6 41. Rxc4 Kd5 42. Rd4+ Ke5 43. Kf2 a5 44. Bxa5 Rxa3 45. Bb4 Rb3 46. Kf3 g5 47. Rd8 Rb2 48. Re8+ Kf6 49. Re2 Rb3 50. Ke4 Rb1 51. Rf2+ Kg6 52. Rc2 Re1+ 53. Kd5 Rd1+ 54. Kc6 Kf5 55. Rf2+ Ke5 56. g4 hxg4 57. hxg4 Rg1 58. Rf5+ Ke4 59. Rxg5 Kf4 60. Rg8 Rxg4 61. Rxg4+ Kxg4 62. Kb7 Kf5 63. c4 Ke6 64. c5 Kd7 65. c6+ Kd8 66. c7+ Kd7 67. c8Q# 1-0

[Event "BAN-ch U20 Girls"]
[Site "Dhaka"]
[Date "2022.02.19"]
[Round "5"]
[White "Alizah, Nusaiba Islam"]
[Black "Tasfia, Tahsin Prima"]
[Result "0-1"]
[WhiteElo "1150"]
[BlackElo "1423"]
[PlyCount "72"]
[EventDate "2022.02.15"]
[EventType "swiss"]
[EventRounds "9"]
[EventCountry "BAN"]
[SourceTitle "CBM 207 Extra"]
[Source "ChessBase"]
[SourceDate "2022.05.31"]
[SourceVersion "1"]
[SourceVersionDate "2022.05.31"]
[SourceQuality "1"]

1. e4 e5 2. Nf3 Nc6 3. Bc4 Bc5 4. 0-0 Nf6 5. d3 h6 6. Nc3 d6 7. Qe2 Bg4 8. Be3 Nd4 9. Qd1 Nxf3+ 10. gxf3 Bh3 11. Re1 Nh5 12. f4 Nxf4 13. Bxf4 exf4 14. Bxf7+ Kf8 15. Qh5 Qg5+ 16. Qxg5 hxg5 17. Bc4 Rh4 18. Re2 Rg4+ 19. Kh1 Bg2+ 20. Kg1 Bf3+ 21. Kf1 Bxe2+ 22. Kxe2 Rg2 23. Kf3 Rxf2+ 24. Kg4 Rg2+ 25. Kf5 f3 26. Kg6 f2 27. Ne2 Ke7 28. Rf1 g4 29. d4 Bb6 30. c3 Rxh2 31. Nf4 g3 32. Ne2 Rf8 33. Kxg7 g2 34. Ng3 g1Q 35. Rxg1 fxg1Q 36. Be6 Qxg3+ 0-1